00408nam a2200097Ia 4500008004100000100002000041245008600061260006400147650001500211856008400226160712s9999 xx 000 0 und d aAveling, Harry. cHarry AvelingaOutca ste by Choice: Re-Genderings in a Short Story by Oka Rusmini c2015bJournal of English Studies and Comparative Literature xLITERATURE uhttp://journals.upd.edu.ph/index.php/jescl/issue/view/Special%20Edition/showToc